Policy advice note (Record no. 108920)

MARC details
000 -LEADER
fixed length control field 01300cam a22002415a 4500
001 - CONTROL NUMBER
control field L145784
008 - FIXED-LENGTH DATA ELEMENTS--GENERAL INFORMATION
fixed length control field 081106s2008 xxkao f 000 0 eng d
035 ## - SYSTEM CONTROL NUMBER
System control number (Sirsi) u145784
041 0# - LANGUAGE CODE
Language code of text/sound track or separate title eng
050 04 - LIBRARY OF CONGRESS CALL NUMBER
Classification number 333.72 $2 18
110 2# - MAIN ENTRY--CORPORATE NAME
Corporate name or jurisdiction name as entry element Town and Country Planning Association
9 (RLIN) 3022
245 00 - TITLE STATEMENT
Title Policy advice note
Remainder of title garden city settlements
Medium [electronic resource]
260 ## - PUBLICATION, DISTRIBUTION, ETC.
Place of publication, distribution, etc. London
Name of publisher, distributor, etc. TCPA
Date of publication, distribution, etc. 2008
505 2# - FORMATTED CONTENTS NOTE
Formatted contents note Introduction -- What is a garden city or garden suburb? -- Care and management -- Sources of pressure -- Advice -- The way forward
520 ## - SUMMARY, ETC.
Summary, etc. Policy advice note created as a result of the Garden City Settlements Project. Identifies the pressures faced by garden city settlements that might erode their essential elements and suggests ways of mitigating and alleviating them. The garden cities movement was a radical departure from previous planning models and the preservation of these environments may prove vital for future study and the eventual success of eco-towns.
521 ## - TARGET AUDIENCE NOTE
Target audience note Advanced
590 ## - LOCAL NOTE (RLIN)
Local note KA
650 24 - SUBJECT ADDED ENTRY--TOPICAL TERM
Topical term or geographic name entry element ECO-TOWNS
651 #4 - SUBJECT ADDED ENTRY--GEOGRAPHIC NAME
Geographic name England and Wales
Chronological subdivision 1543-
690 ## - LOCAL SUBJECT ADDED ENTRY--TOPICAL TERM (OCLC, RLIN)
Topical term or geographic name as entry element ENVIRONMENTAL AND LAND CONSULTANCY-SUSTAINABILITY-SUSTAINABLE DEVELOPMENT
856 40 - ELECTRONIC LOCATION AND ACCESS
Uniform Resource Identifier <a href="https://www.tcpa.org.uk/">https://www.tcpa.org.uk/</a>
Public note View the item free of charge online at www.tcpa.org.uk...
942 ## - ADDED ENTRY ELEMENTS (KOHA)
Suppress in OPAC 0
Holdings
Withdrawn status Lost status Source of classification or shelving scheme Damaged status Not for loan Home library Current library Shelving location Date acquired Total Checkouts Full call number Barcode Date last seen Copy number Price effective from Koha item type
    Dewey Decimal Classification     Virtual Virtual Online 06/11/2008   ONLINE PUBLICATION 145784-1001 06/08/2019 1 06/08/2019 Book